书目信息 |
| 题名: |
计量单位及其换算
|
|
| 作者: | 杜荷聪 著 | |
| 分册: | ||
| 出版信息: | 北京 计量出版社 1982.12 |
|
| 页数: | 308页 | |
| 开本: | 20cm | |
| 丛书名: | ||
| 单 册: | ||
| 中图分类: | TB91 | |
| 科图分类: | ||
| 主题词: | 计量单位 , 单位制 | |
| 电子资源: | ||
| ISBN: | ||
| 000 | 00568nam0 2200205 45 | |
| 001 | 0312221749 | |
| 005 | 20031222170910.0 | |
| 010 | @dCNY1.80 | |
| 100 | @a20031222d1982 km y0chiy0120 ea | |
| 101 | @achi | |
| 105 | @a z 000yy | |
| 200 | 1 | @a计量单位及其换算@AJi Liang Dan Wei Ji Qi Huan Suan@f杜荷聪等著@FDu He Cong Deng Zhu |
| 210 | @a北京@c计量出版社@d1982.12 | |
| 215 | @a308页@d20cm | |
| 606 | 0 | @a计量单位 |
| 606 | 0 | @a单位制 |
| 690 | @aTB91@v3 | |
| 701 | 0 | @a杜荷聪@4著 |
| 801 | @aCN@bTSTCL@c20031222 | |
| 905 | @a213230@dTB91@e20@b81117-118@f2@b158932@f1 | |
| 计量单位及其换算/杜荷聪等著.-北京:计量出版社,1982.12 |
| 308页;20cm |
| ISBN :CNY1.80 |
| ● |
| 相关链接 |
|
|
|
|
正题名:计量单位及其换算
索取号:TB91/20
 
预约/预借
| 序号 | 登录号 | 条形码 | 馆藏地/架位号 | 状态 | 备注 |
| 1 | 0081117 | 001360850 | 第三借阅区/ [索取号:TB91/20] | 在馆 | |
| 2 | 0081118 | 001360896 | 第二样本阅览室/ [索取号:TB91/20] | 在馆 | |
| 3 | 0158932 | 001360814 | 第三借阅区/ [索取号:TB91/20] | 在馆 |